Población y educación en la República Dominicana / Miriam Díaz Santana, Nelson Ramírez y Pablo Tactuk (Registro nro. 6629)
[ vista simple ]
| 000 -LEADER | |
|---|---|
| fixed length control field | 00639nam a22001811a 4500 |
| 001 - CONTROL NUMBER | |
| control field | 6629 |
| 003 - CONTROL NUMBER IDENTIFIER | |
| control field | OSt |
| 005 - DATE AND TIME OF LATEST TRANSACTION | |
| control field | 20260204212058.0 |
| 008 - FIXED-LENGTH DATA ELEMENTS--GENERAL INFORMATION | |
| fixed length control field | 060626s19..||||dr ||||||b||||||||||spa|| |
| 050 ## - LIBRARY OF CONGRESS CALL NUMBER | |
| Classification number | RD 370.7293 D543p |
| 100 ## - ASIENTO PRINCIPAL -- NOMBRE PERSONAL | |
| Personal name | Díaz Santana, Miriam |
| 245 ## - TÍTULO PROPIAMENTE DICHO: SUBTÍTULO | |
| Title | Población y educación en la República Dominicana / Miriam Díaz Santana, Nelson Ramírez y Pablo Tactuk |
| 264 ## - PRODUCTION, PUBLICATION, DISTRIBUTION, MANUFACTURE, AND COPYRIGHT NOTICE | |
| Place of production, publication, distribution, manufacture | Santo Domingo : Departamento de Prevención de la Comunicación y Educación de Profamilia |
| 300 ## - PHYSICAL DESCRIPTION | |
| Extensión | 140 p |
| 490 ## - MENCIÓN DE SERIE | |
| Series statement | Estudio No. 7 |
| 650 ## - ASIENTO SECUNDARIO DE MATERIA -- TERMINO TEMÁTICO | |
| Termino Temático Como Elemento de Entrada | 1.Educación - República Dominicana 2.Población - República DominicanaÌ |
| 942 ## - ADDED ENTRY ELEMENTS (KOHA) | |
| Source of classification or shelving scheme | Dewey Decimal Classification |
| Koha item type | Libros |
| Withdrawn status | Lost status | Source of classification or shelving scheme | Damaged status | Not for loan | Current library | Date acquired | Total Checkouts | Full call number | Barcode | Date last seen | Price effective from | Koha item type |
|---|---|---|---|---|---|---|---|---|---|---|---|---|
| Dewey Decimal Classification | Biblioteca UTECO | 09/09/2019 | RD 370.7293 D543P | 011583 | 09/09/2019 | 09/09/2019 | Libros |
